[Event "Budapest BSSZ op"]
[Site "Budapest"]
[Date "2023.08.24"]
[Round "5"]
[White "Karacsonyi, Luca"]
[Black "Nemeth, Miklos1111"]
[Result "0-1"]
[WhiteElo "1810"]
[BlackElo "2070"]
[PlyCount "152"]
[EventDate "2023.08.21"]
[EventType "swiss"]
[EventRounds "9"]
[EventCountry "HUN"]
[SourceTitle "EXT 2024"]
[Source "ChessBase"]
[SourceDate "2023.10.10"]
[SourceVersion "1"]
[SourceVersionDate "2023.10.10"]
[SourceQuality "1"]

1. e4 c5 2. Nf3 Nc6 3. c3 d5 4. exd5 Qxd5 5. d4 Bg4 6. Be2 e6 7. a3 cxd4 8. cxd4 Nf6 9. Nc3 Qd6 10. 0-0 Be7 11. Be3 0-0 12. Nb5 Qd8 13. Ne5 Bxe2 14. Qxe2 Nxe5 15. dxe5 Nd5 16. Rfd1 a6 17. Nd4 Qc7 18. f4 Rad8 19. Kh1 Bc5 20. Rac1 Nxe3 21. Qxe3 Bxd4 22. Rxd4 Qxc1+ 23. Qxc1 Rxd4 24. h3 Rfd8 25. Qc7 R4d7 26. Qc2 h6 27. Kh2 Rd2 28. Qc7 R8d7 29. Qc3 Kh7 30. Qc8 h5 31. h4 R7d4 32. Qc3 Rd5 33. Qc7 Rd7 34. Qc8 b5 35. b4 R7d4 36. Qc3 R2d3 37. Qc2 Kh6 38. Qc7 Rd7 39. Qc8 R7d4 40. Qc7 Kg6 41. Qe7 Rxa3 42. f5+ Kxf5 43. Qxf7+ Kxe5 44. Qxh5+ Ke4 45. Qg4+ Kd5 46. Qh5+ Kc4 47. Qe2+ Rad3 48. Qxe6+ Kxb4 49. Qxa6 Rxh4+ 50. Kg1 Rg4 51. Qa1 Rgd4 52. Qb2+ Kc5 53. Qc1+ Kb6 54. Qc8 b4 55. Qb8+ Kc5 56. Qc8+ Kb5 57. Qe8+ Kc4 58. Qa4 Rd1+ 59. Kh2 Kc3 60. Qc6+ Kb2 61. Qb5 b3 62. Qe2+ R1d2 63. Qf1 g5 64. Qa6 g4 65. Qf1 Kc2 66. Qf5+ Kc1 67. Qf1+ Rd1 68. Qb5 g3+ 69. Kh3 b2 70. Qc5+ Kb1 71. Qc3 R4d3 72. Qc4 Ra3 73. Qb5 Ka2 74. Qe2 Rc1 75. Qe6+ Ka1 76. Qd6 Rcc3 0-1

[Event "EU-ch U14 Girls 30th"]
[Site "Antalya"]
[Date "2022.11.12"]
[Round "7"]
[White "Bruntse, Kathrine Lindegaard"]
[Black "Karacsonyi, Luca"]
[Result "0-1"]
[WhiteElo "1556"]
[BlackElo "1706"]
[PlyCount "56"]
[EventDate "2022.11.06"]
[EventType "swiss"]
[EventRounds "9"]
[EventCountry "TUR"]
[SourceTitle "EXT 2024"]
[Source "ChessBase"]
[SourceDate "2023.10.10"]
[SourceVersion "1"]
[SourceVersionDate "2023.10.10"]
[SourceQuality "1"]

1. d4 d5 2. c4 dxc4 3. Nf3 a6 4. e3 Nf6 5. Bxc4 e6 6. 0-0 c5 7. dxc5 Bxc5 8. Qxd8+ Kxd8 9. b3 Ke7 10. Bb2 b5 11. Be2 Nbd7 12. Rd1 Bb7 13. Nbd2 Rac8 14. Rac1 Rhd8 15. Nf1 g6 16. Ne5 Nd5 17. Nxd7 Rxd7 18. Bf3 b4 19. h3 a5 20. Bxd5 Bxd5 21. Rd2 Rdc7 22. Rdc2 Be4 23. Rc4 Bd3 24. Rg4 h5 25. Rg3 Bd6 26. Rxc7+ Rxc7 27. Rg5 Rc2 28. Rxa5 Rxb2 0-1

[Event "Budapest FS02 Nadassy"]
[Site "Budapest"]
[Date "2022.02.13"]
[Round "8"]
[White "Karacsonyi, Luca"]
[Black "Farago, Sandor"]
[Result "0-1"]
[WhiteElo "1789"]
[BlackElo "2102"]
[PlyCount "100"]
[EventDate "2022.02.05"]
[EventType "schev"]
[EventRounds "10"]
[EventCountry "HUN"]
[SourceTitle "EXT 2023"]
[Source "ChessBase"]
[SourceDate "2022.10.05"]
[SourceVersion "1"]
[SourceVersionDate "2022.10.05"]
[SourceQuality "1"]
[WhiteTeam "B Team Lower Elo"]
[BlackTeam "A Team Higher Elo"]
[WhiteTeamCountry "HUN"]
[BlackTeamCountry "HUN"]

1. e4 c5 2. c3 Nf6 3. e5 Nd5 4. d4 cxd4 5. Nf3 e6 6. cxd4 b6 7. Bc4 Bb7 8. 0-0 Be7 9. Nbd2 f5 10. Re1 Na6 11. Nf1 Nac7 12. Bd2 0-0 13. a4 Kh8 14. Qe2 g5 15. h3 Rg8 16. N3h2 Nf4 17. Bxf4 gxf4 18. f3 Bb4 19. Red1 Qh4 20. Kh1 Rg7 21. Nd2 Rag8 22. Rg1 Rg3 23. Raf1 Qg5 24. Bb3 Ba6 25. Nc4 Nd5 26. Rc1 Ne3 27. Qf2 Nxg2 28. Nd6 Bxd6 29. exd6 Ne3 30. Rce1 Bb7 31. Rxg3 Qxg3 32. Qxg3 Rxg3 33. Rg1 Rxh3 34. Rg5 Bd5 35. Bxd5 Nxd5 36. Rg1 Rg3 37. Rc1 Rg8 38. Nf1 a5 39. Nd2 h5 40. Nb3 Kh7 41. Nd2 Kh6 42. Kh2 h4 43. Nb1 Ne3 44. Rc7 Nf1+ 45. Kh1 h3 46. Rc1 Ng3+ 47. Kh2 Ne2 48. Rc4 Ng1 49. Rc3 Rg2+ 50. Kh1 Ne2 0-1

[Event "Budapest FS02 Nadassy"]
[Site "Budapest"]
[Date "2022.02.12"]
[Round "7"]
[White "Szalanczy, Emil"]
[Black "Karacsonyi, Luca"]
[Result "1/2-1/2"]
[WhiteElo "2066"]
[BlackElo "1789"]
[PlyCount "96"]
[EventDate "2022.02.05"]
[EventType "schev"]
[EventRounds "10"]
[EventCountry "HUN"]
[SourceTitle "EXT 2023"]
[Source "ChessBase"]
[SourceDate "2022.10.05"]
[SourceVersion "1"]
[SourceVersionDate "2022.10.05"]
[SourceQuality "1"]
[WhiteTeam "A Team Higher Elo"]
[BlackTeam "B Team Lower Elo"]
[WhiteTeamCountry "HUN"]
[BlackTeamCountry "HUN"]

1. e4 c5 2. Ne2 Nc6 3. Nbc3 e6 4. d4 cxd4 5. Nxd4 Qc7 6. Qd3 Nf6 7. Be2 a6 8. Nxc6 bxc6 9. Qg3 Qxg3 10. hxg3 Bb4 11. Bd2 d5 12. e5 Bxc3 13. Bxc3 Ne4 14. Ba5 f6 15. Bh5+ Ke7 16. Rh4 fxe5 17. 0-0-0 g5 18. Rxe4 dxe4 19. Bc3 a5 20. Bxe5 Rg8 21. Be2 Ba6 22. c4 Rad8 23. Rh1 Rd7 24. Rxh7+ Kd8 25. Rxd7+ Kxd7 26. Kd2 Rf8 27. Ke3 Rf7 28. b3 c5 29. Bh5 Rf5 30. Bc3 a4 31. Bg6 Rf8 32. Bxe4 axb3 33. axb3 Rb8 34. Bc2 Bb7 35. f3 Ra8 36. g4 Rf8 37. Be5 Bc6 38. Bd1 Rf7 39. Be2 Ke7 40. Kf2 Rh7 41. Kg1 Rf7 42. Bd3 Rf8 43. Kf2 Ra8 44. g3 Ra3 45. f4 Rxb3 46. Be2 Be4 47. fxg5 Bg6 48. Bf4 Rc3 1/2-1/2

[Event "Budapest FS02 Nadassy"]
[Site "Budapest"]
[Date "2022.02.05"]
[Round "1"]
[White "Hradeczky, Tamas"]
[Black "Karacsonyi, Luca"]
[Result "0-1"]
[WhiteElo "1884"]
[BlackElo "1789"]
[PlyCount "110"]
[EventDate "2022.02.05"]
[EventType "schev"]
[EventRounds "10"]
[EventCountry "HUN"]
[SourceTitle "EXT 2023"]
[Source "ChessBase"]
[SourceDate "2022.10.05"]
[SourceVersion "1"]
[SourceVersionDate "2022.10.05"]
[SourceQuality "1"]
[WhiteTeam "A Team Higher Elo"]
[BlackTeam "B Team Lower Elo"]
[WhiteTeamCountry "HUN"]
[BlackTeamCountry "HUN"]

1. d4 d5 2. Nf3 Nf6 3. c4 dxc4 4. e3 a6 5. a4 Bg4 6. Bxc4 e6 7. h3 Bh5 8. 0-0 c5 9. Nc3 Nc6 10. g4 Bg6 11. d5 Na5 12. b3 Nxc4 13. bxc4 Ne4 14. Ra3 Nxc3 15. Rxc3 Be4 16. Nd2 exd5 17. Nxe4 dxe4 18. Qc2 Qe7 19. f3 exf3 20. e4 0-0-0 21. Rcxf3 f6 22. e5 Qxe5 23. Bb2 Qc7 24. g5 Be7 25. Re3 Kb8 26. Bc3 Rd7 27. Qe2 Ka8 28. Re1 Bd6 29. gxf6 gxf6 30. Re8+ Rd8 31. Rxd8+ Qxd8 32. Rd1 Qg8+ 33. Kh1 Qg3 34. Rd3 Qf4 35. Rf3 Qc1+ 36. Qe1 Qxe1+ 37. Bxe1 Be5 38. Bf2 Rc8 39. a5 Rc6 40. Kg2 Bc7 41. Be1 Re6 42. Bc3 Re4 43. Rxf6 Rxc4 44. Be1 Rc1 45. Rf8+ Ka7 46. Bf2 Bxa5 47. Be3 Rc2+ 48. Kf3 Bb6 49. Rf7 a5 50. Rxh7 a4 51. Rd7 Rc3 52. Ke2 a3 53. Rd2 c4 54. Bxb6+ Kxb6 55. h4 Rh3 0-1

[Event "HUN--chT U12"]
[Site "Budapest"]
[Date "2019.10.29"]
[Round "7.5"]
[White "Benedek, Huba"]
[Black "Karacsonyi, Luca"]
[Result "1/2-1/2"]
[WhiteElo "1125"]
[BlackElo "1556"]
[PlyCount "57"]
[EventDate "2019.10.26"]
[EventType "team-swiss"]
[EventRounds "7"]
[EventCountry "HUN"]
[SourceTitle "CBM 192 Extra"]
[Source "Chessbase"]
[SourceDate "2019.11.06"]
[SourceVersion "1"]
[SourceVersionDate "2019.11.06"]
[SourceQuality "1"]
[WhiteTeam "Csepel"]
[BlackTeam "Kobanya Aquarena"]
[WhiteTeamCountry "HUN"]
[BlackTeamCountry "HUN"]

1. e4 c5 2. Nf3 d6 3. g3 Nf6 4. d3 Nc6 5. Bg2 g6 6. 0-0 Bg7 7. Nc3 0-0 8. Bg5 Bg4 9. h3 Bd7 10. Qd2 Qc8 11. Kh2 Re8 12. Bh6 Bh8 13. Rae1 a6 14. Na4 Qc7 15. Nc3 b5 16. a3 Rab8 17. Bg5 Qa7 18. Kg1 a5 19. b3 b4 20. axb4 axb4 21. Nd5 Nxd5 22. exd5 Bc3 23. Qc1 Bxe1 24. dxc6 Bxf2+ 25. Rxf2 Bxc6 26. Re2 Qa3 27. Re1 f6 28. Be3 Ra8 29. d4 1/2-1/2

[Event "HUN--chT U12"]
[Site "Budapest"]
[Date "2019.10.28"]
[Round "4.5"]
[White "Lazsadi, Blanka Anna"]
[Black "Karacsonyi, Luca"]
[Result "0-1"]
[WhiteElo "1142"]
[BlackElo "1556"]
[PlyCount "58"]
[EventDate "2019.10.26"]
[EventType "team-swiss"]
[EventRounds "7"]
[EventCountry "HUN"]
[SourceTitle "CBM 192 Extra"]
[Source "Chessbase"]
[SourceDate "2019.11.06"]
[SourceVersion "1"]
[SourceVersionDate "2019.11.06"]
[SourceQuality "1"]
[WhiteTeam "DVTK"]
[BlackTeam "Kobanya Aquarena"]
[WhiteTeamCountry "HUN"]
[BlackTeamCountry "HUN"]

1. e4 c5 2. Nf3 d6 3. d4 cxd4 4. Nxd4 Nf6 5. Nc3 g6 6. Be3 Bg7 7. f3 0-0 8. Qd2 Nc6 9. 0-0-0 Nxd4 10. Bxd4 b5 11. Bxb5 Be6 12. Kb1 Qa5 13. a3 Rab8 14. Qd3 a6 15. Ba4 Rfc8 16. g4 Rc4 17. Bb3 Rxd4 18. Qxd4 Bxb3 19. Qa7 Nd7 20. Qxd7 Be6 21. Qa4 Qxc3 22. Qe8+ Rxe8 23. bxc3 Rb8+ 24. Kc1 Bxc3 25. Rd3 Bb2+ 26. Kd2 Bc4 27. Re3 Be5 28. Ke1 Rb1+ 29. Kf2 Rxh1 0-1

[Event "HUN--chT U12"]
[Site "Budapest"]
[Date "2019.10.27"]
[Round "3.5"]
[White "Karacsonyi, Luca"]
[Black "Toth, Timea2222"]
[Result "1/2-1/2"]
[WhiteElo "1556"]
[BlackElo "1244"]
[PlyCount "131"]
[EventDate "2019.10.26"]
[EventType "team-swiss"]
[EventRounds "7"]
[EventCountry "HUN"]
[SourceTitle "CBM 192 Extra"]
[Source "Chessbase"]
[SourceDate "2019.11.06"]
[SourceVersion "1"]
[SourceVersionDate "2019.11.06"]
[SourceQuality "1"]
[WhiteTeam "Kobanya Aquarena"]
[BlackTeam "Barcza Gedeon"]
[WhiteTeamCountry "HUN"]
[BlackTeamCountry "HUN"]

1. e4 c5 2. Nf3 Nc6 3. Nc3 g6 4. h4 Nf6 5. e5 Ng4 6. Ne4 Ngxe5 7. Nxc5 Bg7 8. Nxe5 Nxe5 9. d4 Nc6 10. Be3 d6 11. Ne4 Nb4 12. c3 Bf5 13. Bb5+ Nc6 14. Ng3 Bd7 15. h5 Qc7 16. d5 Ne5 17. Bxd7+ Qxd7 18. Bd4 0-0 19. f4 Qg4 20. Qxg4 Nxg4 21. Bxg7 Kxg7 22. Ke2 Nf6 23. c4 Rac8 24. b3 a6 25. Kd3 b5 26. hxg6 fxg6 27. Rhe1 Rfe8 28. Kd4 Kf7 29. cxb5 axb5 30. Rec1 h6 31. a4 bxa4 32. bxa4 Nd7 33. Rc6 Nb8 34. Rc4 Na6 35. Ne4 Rxc4+ 36. Kxc4 Rb8 37. Nd2 Rb4+ 38. Kc3 Rxf4 39. Rf1 Rxf1 40. Nxf1 Ke8 41. Kc4 Kd7 42. Kb5 Nc7+ 43. Kc4 Kc8 44. a5 Kb7 45. Nd2 Ka6 46. Nb3 h5 47. Kd4 g5 48. Ke4 Kb5 49. Kf5 g4 50. g3 Nxd5 51. Ke6 Ne3 52. Nd4+ Kxa5 53. Kxe7 d5 54. Ne6 Nf5+ 55. Kf6 Nxg3 56. Ke5 h4 57. Kf4 h3 58. Kxg3 Kb4 59. Nd4 Kc4 60. Nf5 d4 61. Kxg4 h2 62. Ng3 d3 63. Kf3 Kc3 64. Kg2 Kd4 65. Nf1 Ke4 66. Kxh2 1/2-1/2

[Event "EU-ch U10 Girls 28th"]
[Site "Riga"]
[Date "2018.08.22"]
[Round "3"]
[White "Paknyte, Beatrice"]
[Black "Karacsonyi, Luca"]
[Result "0-1"]
[WhiteElo "1164"]
[BlackElo "1342"]
[PlyCount "49"]
[EventDate "2018.08.20"]
[EventType "swiss"]
[EventRounds "9"]
[EventCountry "LAT"]
[SourceTitle "CBM 186 Extra"]
[Source "ChessBase"]
[SourceDate "2018.08.24"]
[SourceVersion "1"]
[SourceVersionDate "2018.08.24"]
[SourceQuality "1"]

1. e4 c5 2. c3 d5 3. exd5 Qxd5 4. d4 Nf6 5. Nf3 Bg4 6. Be2 e6 7. 0-0 Nc6 8. Be3 cxd4 9. cxd4 Be7 10. Nc3 Qd7 11. h3 Bf5 12. Bd3 Bxd3 13. Qxd3 Nb4 14. Qe2 Nbd5 15. Rac1 0-0 16. Ne5 Qd6 17. Qf3 Rac8 18. Bf4 Qb6 19. Nxd5 exd5 20. Qe3 Qxb2 21. Rb1 Qxa2 22. Rxb7 Rfe8 23. Rc1 Rxc1+ 24. Qxc1 a5 25. Ra7 0-1